| 000 | 00920nam a2200241 a 4500 | ||
|---|---|---|---|
| 001 | BRL_454 | ||
| 005 | 20190320210741.0 | ||
| 008 | 140813s1995----mx-a######---#001-j#spa-# | ||
| 020 | _a9681902467 | ||
| 041 | _aspa | ||
| 044 | _amx | ||
| 050 | 4 |
_aPN37 _b.R89 1995 |
|
| 100 | 1 |
_aRuy Sánchez, Alberto _92550 |
|
| 245 | 1 | 0 |
_aCon la literatura en el cuerpo _bhistorias de literatura y melancolía _cAlberto Ruy Sánchez. |
| 260 |
_aMéxico _bTaurus _c1995 _eMéxico |
||
| 300 |
_a235 p. _bil. _c21 p. _eincluye programa de la presentación del libro en el restaurante-bar la tirana, e invitación para Ruth Lechuga para la predentación del libro impresa en papel craft |
||
| 500 | _aincluye dedicatoria para Ruth Lechuga, escrita en la portada del libro | ||
| 500 | _aAu492 | ||
| 500 | _aIncluye índice analítico. | ||
| 650 | 1 | 4 |
_aLiteratura _xDiscursos, ensayos, conferencias _923962 |
| 902 | _aGRL | ||
| 942 |
_2lcc _cB |
||
| 999 |
_c9266 _d9266 |
||